[Event "NAYCC U10"]
[Site "Windsor CAN"]
[Date "2016.08.07"]
[Round "1.141"]
[White "Xing, Blair"]
[Black "Prestia, Paris"]
[Result "0-1"]
[WhiteElo "920"]
[BlackElo "1591"]
[PlyCount "86"]
[EventDate "2016.08.07"]
[EventType "swiss"]
[EventRounds "9"]
[EventCountry "CAN"]

1. e4 c5 2. Nf3 d6 3. Bb5+ Bd7 4. Bxd7+ Qxd7 5. O-O Nf6 6. Nc3 e6 7. Re1 Be7 8.
d3 O-O 9. Ne2 Nc6 10. c4 Ng4 11. b3 Bf6 12. Rb1 Nge5 13. Nxe5 Bxe5 14. Bb2 Bxb2
15. Rxb2 d5 16. Nf4 dxe4 17. Nh5 Ne5 18. Rxe4 Qxd3 19. Qxd3 Nxd3 20. Rd2 Rfd8
21. Rg4 g6 22. Nf6+ Kg7 23. Ne8+ Rxe8 24. Rxd3 Red8 25. Rxd8 Rxd8 26. Kf1 Rd2
27. Rg5 b6 28. a3 Rb2 29. Rg3 f5 30. Re3 Kf6 31. f3 h5 32. g3 Rxh2 33. Re2 Rxe2
34. Kxe2 a5 35. a4 g5 36. Kf2 e5 37. Kg2 f4 38. gxf4 exf4 39. Kh3 Kf5 40. Kg2
g4 41. fxg4+ hxg4 42. Kf2 Ke4 43. Kg2 Ke3 0-1

[Event "NAYCC U10"]
[Site "Windsor CAN"]
[Date "2016.08.07"]
[Round "1.142"]
[White "Mundayat, Abinav"]
[Black "Chen, Bryan"]
[Result "1-0"]
[WhiteElo "1577"]
[BlackElo "918"]
[PlyCount "99"]
[EventDate "2016.08.07"]
[EventType "swiss"]
[EventRounds "9"]
[EventCountry "CAN"]

1. e4 e5 2. Nf3 Nc6 3. Bc4 Bc5 4. d3 Nf6 5. Nc3 d6 6. Bg5 h6 7. Bxf6 Qxf6 8.
Nd5 Qd8 9. c3 Be6 10. b4 Bb6 11. a4 Bxd5 12. Bxd5 a5 13. b5 Ne7 14. Bxb7 Rb8
15. Bd5 Qc8 16. Nd2 c6 17. bxc6 Nxc6 18. Nc4 Bc5 19. O-O O-O 20. Bxc6 Qxc6 21.
Nxa5 Qa8 22. Nc4 d5 23. Nxe5 Rfe8 24. Nd7 Rbc8 25. Nxc5 Rxc5 26. exd5 Qxd5 27.
c4 Qa8 28. Qf3 Qxf3 29. gxf3 Rg5+ 30. Kh1 Rd8 31. Rfd1 Rf5 32. Kg2 g5 33. a5
Ra8 34. a6 Kf8 35. Rdb1 Re5 36. a7 Ree8 37. Ra6 Kg7 38. Rb7 h5 39. d4 Kg8 40.
Rh6 Kf8 41. Rh8+ Kg7 42. Rxe8 Rxe8 43. Rb8 Re7 44. a8=Q Kf6 45. Rb6+ Kg7 46.
Qd8 Re1 47. Qxg5+ Kh8 48. Qh6+ Kg8 49. Rb8+ Re8 50. Rxe8# 1-0

[Event "NAYCC U10"]
[Site "Windsor CAN"]
[Date "2016.08.07"]
[Round "1.143"]
[White "Liu, Kevin"]
[Black "Guipi Bopala, Prince Eric jr"]
[Result "1/2-1/2"]
[WhiteElo "914"]
[BlackElo "1572"]
[PlyCount "73"]
[EventDate "2016.08.07"]
[EventType "swiss"]
[EventRounds "9"]
[EventCountry "CAN"]

1. e4 c6 2. d4 d5 3. exd5 cxd5 4. Bd3 Nf6 5. Nf3 Nc6 6. O-O Bg4 7. c3 e6 8. Bg5
Be7 9. Nbd2 O-O 10. Qc2 h6 11. Bh4 Rc8 12. h3 Nb4 13. Qb1 Nxd3 14. hxg4 Nf4 15.
Ne5 Nxg4 16. Bxe7 Qxe7 17. Nxg4 Ne2+ 18. Kh1 Qg5 19. Nh2 Qxd2 20. Nf3 Qf4 21.
Re1 Nxc3 22. bxc3 Rxc3 23. Qxb7 Rb8 24. Qxa7 Rb2 25. Rf1 Rbc2 26. a4 Rxf3 27.
gxf3 Qxf3+ 28. Kg1 Qg4+ 29. Kh1 Rc3 30. Qb8+ Kh7 31. f3 Qxd4 32. Qh2 Rc4 33.
Rfc1 Rb4 34. a5 Qf6 35. Qf2 Rb2 36. Rc2 Rb3 37. Rf1 1/2-1/2

[Event "NAYCC U10"]
[Site "Windsor CAN"]
[Date "2016.08.07"]
[Round "1.145"]
[White "Fu, Steven"]
[Black "Chen, Max"]
[Result "0-1"]
[WhiteElo "826"]
[BlackElo "1536"]
[PlyCount "110"]
[EventDate "2016.08.07"]
[EventType "swiss"]
[EventRounds "9"]
[EventCountry "CAN"]

1. e4 c5 2. Nf3 e6 3. d4 cxd4 4. Nxd4 Nc6 5. Nc3 Nf6 6. Be2 Qc7 7. O-O a6 8.
Nf3 Be7 9. Be3 O-O 10. h3 b5 11. a3 Bb7 12. Qd2 Rac8 13. Bf4 d6 14. Rad1 Rfd8
15. Rfe1 Na5 16. Bd3 Nc4 17. Bxc4 Qxc4 18. Qd3 d5 19. Qxc4 Rxc4 20. Bg5 dxe4
21. Nh2 h6 22. Be3 Nd5 23. Nxd5 exd5 24. c3 Rdc8 25. Ng4 a5 26. Ra1 Bd6 27. Bd4
R4c6 28. Ne3 Ra6 29. Nf5 Bf8 30. Re3 g6 31. Rg3 Kh7 32. Ne3 Bd6 33. Rg4 f5 34.
Nxf5 Bf8 35. Ne3 Bd6 36. Nf5 Bc7 37. Ne7 Re8 38. Nf5 h5 39. Rh4 gxf5 40. Rxh5+
Kg6 41. Rh4 Bd8 42. Rh8 Rxh8 43. Bxh8 Kh7 44. Bd4 Bc7 45. Re1 Rg6 46. f3 f4 47.
fxe4 dxe4 48. Rd1 e3 49. Bb6 Rxg2+ 50. Kf1 e2+ 51. Ke1 exd1=Q+ 52. Kxd1 Bxb6
53. b4 Bf3+ 54. Ke1 Be3 55. bxa5 Rg1# 0-1

[Event "NAYCC U10"]
[Site "Windsor CAN"]
[Date "2016.08.07"]
[Round "1.146"]
[White "Kang, Dorian"]
[Black "Marcelloni, Jacob"]
[Result "1-0"]
[WhiteElo "1528"]
[BlackElo "786"]
[PlyCount "61"]
[EventDate "2016.08.07"]
[EventType "swiss"]
[EventRounds "9"]
[EventCountry "CAN"]

1. c4 e5 2. Nc3 Nf6 3. Nf3 Nc6 4. g3 Bc5 5. Bg2 O-O 6. O-O d5 7. cxd5 Nxd5 8.
Nxd5 Qxd5 9. Qc2 e4 10. Ne1 Re8 11. d3 Bf5 12. Bf4 Nb4 13. Qc3 c6 14. a3 Na6
15. Nc2 Rad8 16. Rad1 Qd7 17. d4 Bb6 18. Ne3 Bg6 19. d5 Bxe3 20. Bxe3 f5 21.
Bg5 Rc8 22. d6 Re6 23. Be7 Bh5 24. f3 e3 25. Bh3 Bg6 26. g4 Rxe7 27. dxe7 Qxe7
28. gxf5 Qg5+ 29. Kh1 Bxf5 30. Rg1 Qf4 31. Qxg7# 1-0

[Event "NAYCC U10"]
[Site "Windsor CAN"]
[Date "2016.08.07"]
[Round "1.147"]
[White "Ripley, Noah"]
[Black "Zhao, Jeffrey R"]
[Result "0-1"]
[WhiteElo "684"]
[BlackElo "1496"]
[PlyCount "54"]
[EventDate "2016.08.07"]
[EventType "swiss"]
[EventRounds "9"]
[EventCountry "CAN"]

1. e4 c5 2. Nf3 e6 3. Nc3 a6 4. d3 b5 5. Be3 d5 6. exd5 exd5 7. d4 c4 8. Bf4
Nf6 9. Be2 Be7 10. O-O O-O 11. Qd2 Bb4 12. a3 Ba5 13. b4 cxb3 14. cxb3 Ne4 15.
Qc2 Bxc3 16. Rac1 Bf5 17. Bd3 Ba5 18. Nh4 Qxh4 19. Bg3 Nxg3 20. fxg3 Qxd4+ 21.
Kh1 Bxd3 22. Rf4 Qxf4 23. gxf4 Bxc2 24. Rxc2 Re8 25. Rc1 Nc6 26. b4 Bc7 27.
Rxc6 Re1# 0-1

[Event "NAYCC U10"]
[Site "Windsor CAN"]
[Date "2016.08.07"]
[Round "1.148"]
[White "Zhu, Max"]
[Black "Eirew, David"]
[Result "1-0"]
[WhiteElo "1436"]
[BlackElo "657"]
[PlyCount "37"]
[EventDate "2016.08.07"]
[EventType "swiss"]
[EventRounds "9"]
[EventCountry "CAN"]

1. e4 e5 2. Nf3 Nc6 3. Bc4 Bc5 4. d3 Nf6 5. Nc3 Ng4 6. O-O Qe7 7. h3 Nxf2 8.
Rxf2 Bxf2+ 9. Kxf2 Nd4 10. Nd5 Qc5 11. b4 Nxf3+ 12. bxc5 Nd4 13. Nxc7+ Kf8 14.
Ba3 Rb8 15. c6+ Kg8 16. Qh5 g6 17. Qh6 Nxc2 18. Ne8 d6 19. Nf6# 1-0

[Event "NAYCC U10"]
[Site "Windsor CAN"]
[Date "2016.08.07"]
[Round "1.126"]
[White "Issani, Nameer"]
[Black "Bui, Alan"]
[Result "1-0"]
[WhiteElo "1972"]
[BlackElo "1404"]
[PlyCount "53"]
[EventDate "2016.08.07"]
[EventType "swiss"]
[EventRounds "9"]
[EventCountry "CAN"]

1. d4 Nf6 2. c4 e6 3. Nc3 Bb4 4. e3 O-O 5. Nge2 b6 6. a3 Bxc3+ 7. Nxc3 d5 8. b3
Bb7 9. Bb2 c5 10. Be2 Qe7 11. O-O Rd8 12. Rc1 Nbd7 13. Bf3 Rac8 14. Qe2 Bc6 15.
Rfd1 a6 16. a4 cxd4 17. exd4 Qb4 18. cxd5 exd5 19. Qc2 Bb7 20. g4 Qd6 21. Qd2
Ne4 22. Nxe4 dxe4 23. Bg2 Bd5 24. Qe3 Rxc1 25. Rxc1 Re8 26. h3 Qe6 27. b4 {time
} 1-0

[Event "NAYCC U10"]
[Site "Windsor CAN"]
[Date "2016.08.07"]
[Round "1.127"]
[White "Vijayakumar, Advaith"]
[Black "Pan, Kevin"]
[Result "0-1"]
[WhiteElo "1402"]
[BlackElo "1936"]
[PlyCount "74"]
[EventDate "2016.08.07"]
[EventType "swiss"]
[EventRounds "9"]
[EventCountry "CAN"]

1. d4 Nf6 2. c4 g6 3. Nc3 d5 4. cxd5 Nxd5 5. e4 Nxc3 6. bxc3 Bg7 7. Nf3 c5 8.
Rb1 O-O 9. Be3 Nc6 10. Be2 Qc7 11. O-O Rd8 12. d5 Ne5 13. c4 Nxf3+ 14. Bxf3 b6
15. Be2 f5 16. f3 f4 17. Bf2 Qe5 18. h3 g5 19. Kh2 Qd6 20. Rh1 h5 21. Kg1 h4
22. Qd2 Ba6 23. Qd3 Be5 24. Rd1 Rab8 25. a4 Bc8 26. Kf1 Bd7 27. Qa3 Rdc8 28. a5
b5 29. cxb5 Bxb5 30. Bxb5 Rxb5 31. Kg1 Qa6 32. Be1 Rb2 33. Bf2 Qe2 34. Rf1 Bd4
35. Qxb2 Qxb2 36. Bxd4 cxd4 37. Kh2 Rc2 0-1

[Event "NAYCC U10"]
[Site "Windsor CAN"]
[Date "2016.08.08"]
[Round "2.128"]
[White "Vu, Leonard"]
[Black "Mundayat, Abinav"]
[Result "1-0"]
[WhiteElo "1862"]
[BlackElo "1577"]
[PlyCount "63"]
[EventDate "2016.08.07"]
[EventType "swiss"]
[EventRounds "9"]
[EventCountry "CAN"]

1. c4 c5 2. g3 Nf6 3. Bg2 d5 4. cxd5 Nxd5 5. Qb3 e6 6. Nc3 Nb6 7. d3 Na6 8. Bf4
Nb4 9. Nf3 N4d5 10. Nxd5 exd5 11. O-O Bd6 12. Bxd6 Qxd6 13. Qc3 d4 14. Qc2 O-O
15. Rac1 Nd7 16. Nd2 Re8 17. Ne4 Qb6 18. Nxc5 Nxc5 19. Qxc5 Qxc5 20. Rxc5 Rxe2
21. Rfc1 Re8 22. Rc7 Rb8 23. Bd5 Be6 24. Bxe6 fxe6 25. Rd7 Rec8 26. Rxc8+ Rxc8
27. Rxb7 Rc2 28. a4 Kf8 29. a5 h6 30. a6 g5 31. Rxa7 Rxb2 32. Rb7 1-0

[Event "NAYCC U10"]
[Site "Windsor CAN"]
[Date "2016.08.08"]
[Round "2.129"]
[White "Prestia, Paris"]
[Black "Zheng, Michael"]
[Result "1/2-1/2"]
[WhiteElo "1591"]
[BlackElo "1811"]
[PlyCount "113"]
[EventDate "2016.08.07"]
[EventType "swiss"]
[EventRounds "9"]
[EventCountry "CAN"]

1. d4 Nf6 2. c4 g6 3. Nc3 d5 4. cxd5 Nxd5 5. e4 Nxc3 6. bxc3 Bg7 7. Bc4 O-O 8.
Ne2 Nc6 9. Be3 b6 10. O-O Bb7 11. Qd2 Qd6 12. f4 Rad8 13. f5 Na5 14. Bd3 c5 15.
fxg6 fxg6 16. Bh6 cxd4 17. Bxg7 Kxg7 18. cxd4 Nc6 19. d5 Ne5 20. Nd4 Bc8 21.
Bc2 e6 22. Bb3 exd5 23. Bxd5 Ng4 24. Nf3 Nf6 25. Qc3 Qc5+ 26. Qxc5 bxc5 27.
Rfd1 Nxd5 28. exd5 Bb7 29. Rac1 Bxd5 30. Rxc5 Bxf3 31. Rc7+ Kh6 32. Rxd8 Rxd8
33. gxf3 Rd1+ 34. Kf2 Rd2+ 35. Ke3 Rxa2 36. Kd3 a5 37. Ra7 a4 38. Kc3 a3 39.
Kd3 Ra1 40. Ke4 a2 41. Kf4 g5+ 42. Kf5 Rf1 43. Rxa2 Rxf3+ 44. Kg4 Rf4+ 45. Kg3
Rf6 46. Ra7 Kg6 47. h3 h5 48. Ra4 Re6 49. Kf3 Kf5 50. Ra8 g4+ 51. hxg4+ hxg4+
52. Kg3 Re3+ 53. Kg2 Re6 54. Kg3 Rg6 55. Ra5+ Ke4 56. Ra4+ Kf5 57. Ra5+ 1/2-1/2

[Event "NAYCC U10"]
[Site "Windsor CAN"]
[Date "2016.08.08"]
[Round "2.130"]
[White "Rusonik, Max"]
[Black "Tang, Andrew"]
[Result "0-1"]
[WhiteElo "1804"]
[BlackElo "1539"]
[PlyCount "64"]
[EventDate "2016.08.07"]
[EventType "swiss"]
[EventRounds "9"]
[EventCountry "CAN"]

1. e4 e5 2. f4 d6 3. Nf3 Nc6 4. Bc4 h6 5. O-O Nf6 6. Nc3 Bg4 7. a3 Qd7 8. d3 a6
9. Be3 O-O-O 10. b4 exf4 11. Bxf4 g5 12. Be3 Bg7 13. b5 axb5 14. Bxb5 d5 15. e5
Qe6 16. d4 Ne4 17. Qd3 Bf5 18. Bxc6 Qxc6 19. Nd2 Bg6 20. Ncxe4 dxe4 21. Qb3 f5
22. exf6 Bxf6 23. c3 Rhf8 24. Rab1 g4 25. Qb2 Bg5 26. Bxg5 hxg5 27. Nb3 e3 28.
Rbe1 Rxf1+ 29. Rxf1 Bd3 30. Re1 Rf8 31. Nc5 Rf2 32. Qc1 Qxg2# 0-1

[Event "NAYCC U10"]
[Site "Windsor CAN"]
[Date "2016.08.08"]
[Round "2.131"]
[White "Chen, Max"]
[Black "Prem, Pranav"]
[Result "0-1"]
[WhiteElo "1536"]
[BlackElo "1725"]
[PlyCount "74"]
[EventDate "2016.08.07"]
[EventType "swiss"]
[EventRounds "9"]
[EventCountry "CAN"]

1. e4 e6 2. d4 d5 3. Nd2 Nf6 4. e5 Nfd7 5. Bd3 c5 6. c3 Nc6 7. Ne2 cxd4 8. cxd4
f6 9. Nf4 Nxd4 10. Qh5+ Ke7 11. Ng6+ hxg6 12. exf6+ Nxf6 13. Qxh8 Kf7 14. O-O
e5 15. Nb3 Nxb3 16. axb3 Bf5 17. Bxf5 gxf5 18. Qh4 Bc5 19. Bg5 Qb6 20. Bxf6
gxf6 21. Qh3 Ke6 22. Rad1 d4 23. Rfe1 Qc6 24. b4 Bb6 25. Qb3+ Qd5 26. Qxd5+
Kxd5 27. b3 e4 28. h4 f4 29. Kh2 d3 30. f3 f5 31. g4 Bf2 32. Rf1 Bg3+ 33. Kh3
Kd4 34. gxf5 e3 35. Rfe1 Bxe1 36. Rxe1 d2 37. Rd1 Kd3 0-1

[Event "NAYCC U10"]
[Site "Windsor CAN"]
[Date "2016.08.08"]
[Round "2.132"]
[White "Trakru, Rohun"]
[Black "Kang, Dorian"]
[Result "1-0"]
[WhiteElo "1724"]
[BlackElo "1528"]
[PlyCount "113"]
[EventDate "2016.08.07"]
[EventType "swiss"]
[EventRounds "9"]
[EventCountry "CAN"]

1. e4 c5 2. Nf3 Nc6 3. Bb5 g6 4. Nc3 Bg7 5. Bxc6 bxc6 6. d3 Nf6 7. Be3 d6 8.
O-O O-O 9. h3 Rb8 10. Rb1 Be6 11. Qd2 Qa5 12. a3 Rfd8 13. Rfd1 d5 14. exd5 cxd5
15. d4 c4 16. Bf4 Rb7 17. Ne5 Qa6 18. Na2 Ne4 19. Qc1 Rc8 20. Nf3 c3 21. b3 Qe2
22. Be3 a5 23. Re1 Qa6 24. a4 Qa7 25. Qd1 Bd7 26. Ne5 Be8 27. Qd3 Qb8 28. f3
Nc5 29. dxc5 Qxe5 30. Rbd1 d4 31. Bxd4 Qxd4+ 32. Qxd4 Bxd4+ 33. Rxd4 Rxc5 34.
Re3 Rcc7 35. Rdd3 Bd7 36. g4 Be6 37. Rxc3 Rxc3 38. Nxc3 Rd7 39. Kf2 Rd2+ 40.
Re2 Rd4 41. Nb5 Rf4 42. Kg3 g5 43. Nc7 Rf6 44. Nxe6 fxe6 45. Re5 h6 46. Rxa5
Rf8 47. c4 Rd8 48. Rb5 Rd3 49. a5 Rd2 50. b4 Kf7 51. a6 Ra2 52. Ra5 Rc2 53. a7
Rxc4 54. b5 e5 55. a8=Q Kf6 56. Qf8+ Kg6 57. Ra6+ 1-0

[Event "NAYCC U10"]
[Site "Windsor CAN"]
[Date "2016.08.08"]
[Round "2.133"]
[White "Zhao, Jeffrey R"]
[Black "Rama, Tejas"]
[Result "0-1"]
[WhiteElo "1496"]
[BlackElo "1712"]
[PlyCount "114"]
[EventDate "2016.08.07"]
[EventType "swiss"]
[EventRounds "9"]
[EventCountry "CAN"]

1. e4 c5 2. Nf3 g6 3. d4 cxd4 4. Nxd4 Nc6 5. Nc3 Bg7 6. Be3 Nf6 7. Bc4 O-O 8.
O-O d6 9. h3 Bd7 10. Qd2 Nxd4 11. Bxd4 Bc6 12. Bd3 e5 13. Be3 d5 14. exd5 Nxd5
15. Bg5 Qd7 16. Nxd5 Qxd5 17. f3 Qd4+ 18. Be3 Qd7 19. Bh6 Bxh6 20. Qxh6 Qd4+
21. Kh1 Qxb2 22. Rfe1 Rfe8 23. Qg5 Kg7 24. Reb1 Qd4 25. Rd1 Qc5 26. f4 Qe3 27.
Rf1 exf4 28. Qxf4 Qxh3+ 29. Qh2 Bxg2+ 30. Kg1 Bxf1 31. Rxf1 Qg4+ 32. Kh1 Re3
33. Rf4 Re1+ 34. Bf1 Qh5 35. Qxh5 gxh5 36. Kg2 Re6 37. Bc4 Rg6+ 38. Kf3 Rf6 39.
Rxf6 Kxf6 40. Kf4 Rd8 41. Be2 Rd2 42. Bxh5 Rxc2 43. Bf3 Rxa2 44. Bxb7 Ra4+ 45.
Kf3 h5 46. Be4 Rxe4 47. Kxe4 Kg5 48. Kf3 h4 49. Kg2 a5 50. Kf2 a4 51. Kg2 a3
52. Kh2 a2 53. Kg2 a1=Q 54. Kh2 Qf6 55. Kh1 Qf1+ 56. Kh2 h3 57. Kg3 Qg2# 0-1

[Event "NAYCC U10"]
[Site "Windsor CAN"]
[Date "2016.08.08"]
[Round "2.134"]
[White "Kondakov, Adrian"]
[Black "Zhu, Max"]
[Result "1-0"]
[WhiteElo "1675"]
[BlackElo "1436"]
[PlyCount "51"]
[EventDate "2016.08.07"]
[EventType "swiss"]
[EventRounds "9"]
[EventCountry "CAN"]

1. e4 e5 2. Nf3 Nc6 3. Bb5 Bc5 4. O-O Nf6 5. d3 d6 6. h3 O-O 7. c3 h6 8. Nbd2
a6 9. Ba4 b5 10. Bc2 g5 11. Nh2 h5 12. Nb3 g4 13. Nxc5 dxc5 14. hxg4 Nxg4 15.
Nxg4 hxg4 16. Bh6 Qh4 17. Bxf8 Kxf8 18. Qd2 Kg7 19. Qe3 Be6 20. Qg3 Qg5 21. f4
Qh5 22. f5 Bd7 23. Kf2 Qg5 24. Ke2 b4 25. Rh1 f6 26. Rh4 1-0

[Event "NAYCC U10"]
[Site "Windsor CAN"]
[Date "2016.08.08"]
[Round "2.135"]
[White "Balachandran, Kousihan"]
[Black "Zong, Davis"]
[Result "0-1"]
[WhiteElo "1400"]
[BlackElo "1675"]
[PlyCount "82"]
[EventDate "2016.08.07"]
[EventType "swiss"]
[EventRounds "9"]
[EventCountry "CAN"]

1. e4 e5 2. Nf3 Nc6 3. Bc4 Nf6 4. Ng5 d5 5. exd5 Na5 6. Bb5+ c6 7. dxc6 bxc6 8.
Be2 h6 9. Nf3 e4 10. Ng1 Bd6 11. d3 exd3 12. Bxd3 O-O 13. Ne2 Qc7 14. h3 Bb7
15. Bd2 c5 16. Bxa5 Qxa5+ 17. Qd2 Qc7 18. Nbc3 a6 19. O-O-O Rfd8 20. f3 Rab8
21. Qe1 c4 22. Be4 Qa5 23. Kb1 Ba8 24. Bxa8 Qa3 25. Na4 Qxa4 26. Be4 Rb6 27.
Ka1 Nxe4 28. fxe4 Qxc2 29. Rb1 Rxb2 30. Rxb2 Be5 31. Qb1 Qxe2 32. Rc1 Rd2 33.
Re1 Bxb2+ 34. Qxb2 Qxe1+ 35. Qb1 Rd1 36. Qxd1 Qxd1+ 37. Kb2 Qd2+ 38. Ka3 c3 39.
e5 c2 40. e6 c1=Q+ 41. Ka4 Qc4+ 0-1

[Event "NAYCC U10"]
[Site "Windsor CAN"]
[Date "2016.08.08"]
[Round "2.137"]
[White "Yuan, Edison"]
[Black "Liu, Kevin"]
[Result "0-1"]
[WhiteElo "1666"]
[BlackElo "914"]
[PlyCount "106"]
[EventDate "2016.08.07"]
[EventType "swiss"]
[EventRounds "9"]
[EventCountry "CAN"]

1. e4 c5 2. Nf3 Nc6 3. d4 cxd4 4. Nxd4 g6 5. Nxc6 bxc6 6. Be3 Bg7 7. c3 Nf6 8.
f3 Rb8 9. Qc2 Qc7 10. Nd2 d5 11. Bd3 dxe4 12. Nxe4 Nd5 13. Bf2 Nf4 14. Bg3 Be5
15. Bxf4 Bxf4 16. g3 Bh6 17. f4 Be6 18. Nc5 Qd6 19. Nxe6 Qxe6+ 20. Be2 O-O 21.
a3 Rfd8 22. O-O Qe3+ 23. Rf2 Rd2 24. Qa4 Rxe2 25. Raf1 Rbxb2 26. Qd4 Qxd4 27.
cxd4 Rxf2 28. Rxf2 Rxf2 29. Kxf2 Kf8 30. Ke3 Ke8 31. Kd3 Kd7 32. Kc4 Kc7 33.
Kc5 Bg7 34. g4 f5 35. g5 e6 36. h3 Bh8 37. a4 a5 38. Kc4 Kd6 39. h4 Bg7 40. Kc3
Kd5 41. Kd3 Bxd4 42. Ke2 c5 43. Kd3 c4+ 44. Ke2 Kc5 45. Kf3 c3 46. h5 c2 47.
hxg6 hxg6 48. Ke2 c1=Q 49. Kf3 Qe3+ 50. Kg2 Qf2+ 51. Kh3 Qf3+ 52. Kh2 Qg4 53.
Kh1 Qg1# 0-1

[Event "NAYCC U10"]
[Site "Windsor CAN"]
[Date "2016.08.08"]
[Round "2.138"]
[White "Guipi Bopala, Prince Eric jr"]
[Black "Gaisinsky, Jacob"]
[Result "1/2-1/2"]
[WhiteElo "1572"]
[BlackElo "1167"]
[PlyCount "72"]
[EventDate "2016.08.07"]
[EventType "swiss"]
[EventRounds "9"]
[EventCountry "CAN"]

1. d4 Nf6 2. c4 e6 3. Nc3 Bb4 4. e3 O-O 5. Nge2 b6 6. a3 Bxc3+ 7. Nxc3 Bb7 8.
Qc2 d5 9. cxd5 exd5 10. Bd3 Re8 11. O-O Ne4 12. f3 Nxc3 13. Bxh7+ Kh8 14. bxc3
g6 15. Bxg6 fxg6 16. Qxg6 Qe7 17. e4 Nd7 18. Bg5 Qh7 19. Qxh7+ Kxh7 20. e5 c5
21. f4 Rac8 22. Rae1 Nf8 23. f5 cxd4 24. cxd4 Rc4 25. f6 Rxd4 26. f7 Re6 27.
Re3 Ba6 28. Rff3 Rd1+ 29. Kf2 Rf1+ 30. Kg3 Rxf3+ 31. gxf3 Kg6 32. f4 Kxf7 33.
f5 Re8 34. e6+ Nxe6 35. fxe6+ Rxe6 36. Rxe6 Kxe6 1/2-1/2

[Event "NAYCC U10"]
[Site "Windsor CAN"]
[Date "2016.08.08"]
[Round "2.139"]
[White "Guo, Roger"]
[Black "Eirew, David"]
[Result "1-0"]
[WhiteElo "1183"]
[BlackElo "657"]
[PlyCount "79"]
[EventDate "2016.08.07"]
[EventType "swiss"]
[EventRounds "9"]
[EventCountry "CAN"]

1. d4 d5 2. Nf3 Nc6 3. e3 Nf6 4. Bd3 Bg4 5. h3 Bxf3 6. Qxf3 e6 7. a3 Bd6 8. b3
O-O 9. O-O Qd7 10. Bb2 Rad8 11. Nd2 a6 12. e4 dxe4 13. Nxe4 Nxe4 14. Qxe4 g6
15. Qf3 e5 16. c3 Rde8 17. Rfe1 Na5 18. Bc2 Qe6 19. c4 c6 20. dxe5 Bc5 21. Rab1
b5 22. Qf4 bxc4 23. b4 Bxf2+ 24. Qxf2 Nb7 25. Qf4 c5 26. Qh6 cxb4 27. axb4 Rd8
28. Bc1 Qb6+ 29. Kh1 Qf2 30. Bg5 Rd2 31. Rg1 f6 32. exf6 Rf7 33. Bxd2 Rxf6 34.
Be4 Nd6 35. Bd5+ Nf7 36. Bxf7+ Rxf7 37. Rbe1 Qf5 38. Re8+ Rf8 39. Rxf8+ Qxf8
40. Rc1 1-0

[Event "NAYCC U10"]
[Site "Windsor CAN"]
[Date "2016.08.08"]
[Round "2.140"]
[White "Bui, Alan"]
[Black "Yuan, Kevin"]
[Result "1-0"]
[WhiteElo "1404"]
[BlackElo "975"]
[PlyCount "129"]
[EventDate "2016.08.07"]
[EventType "swiss"]
[EventRounds "9"]
[EventCountry "CAN"]

1. d4 Nf6 2. Nf3 d5 3. Bf4 g6 4. c4 Bg7 5. e3 Bf5 6. Nc3 O-O 7. Qb3 dxc4 8.
Bxc4 b6 9. Ne5 e6 10. Rd1 c6 11. f3 g5 12. Bxg5 b5 13. Bd3 Bxd3 14. Nxd3 Nbd7
15. e4 Qb6 16. Ne5 Qc7 17. Nxd7 Qxd7 18. e5 Nd5 19. Ne4 a5 20. Nc5 Qa7 21. a3
a4 22. Qc2 h6 23. Bd2 Rfd8 24. Kf2 Ne7 25. Bc3 Nd5 26. g3 Nc7 27. Ne4 Ne8 28.
Kg2 f6 29. f4 f5 30. Nc5 Nc7 31. Kf2 Re8 32. h3 Na6 33. Nxa6 Qxa6 34. g4 Rf8
35. Kg3 Qc8 36. Bb4 Rf7 37. Rc1 Ra6 38. Qg2 fxg4 39. hxg4 Kh7 40. Qe4+ Kg8 41.
Rhf1 Qd7 42. f5 exf5 43. gxf5 Qc8 44. f6 Qc7 45. fxg7 Rxg7+ 46. Kf3 Qf7+ 47.
Ke2 Qh5+ 48. Qf3 Qh2+ 49. Rf2 Qh4 50. Qf8+ Kh7 51. Qf5+ Kg8 52. e6 Ra8 53. Bc5
Qd8 54. e7 Qe8 55. Qf8+ Qxf8 56. Rxf8+ Rxf8 57. exf8=Q+ Kh7 58. Qf5+ Kg8 59.
Rh1 Rg2+ 60. Kf3 Rg7 61. Rxh6 Rf7 62. Rg6+ Kh8 63. Qxf7 b4 64. d5 cxd5 65. Bd4#
1-0

[Event "NAYCC U10"]
[Site "Windsor CAN"]
[Date "2016.08.08"]
[Round "2.141"]
[White "Morris-Suzuki, Alan"]
[Black "Vijayakumar, Advaith"]
[Result "1-0"]
[WhiteElo "1026"]
[BlackElo "1402"]
[PlyCount "71"]
[EventDate "2016.08.07"]
[EventType "swiss"]
[EventRounds "9"]
[EventCountry "CAN"]

1. d4 Nf6 2. c4 e6 3. Bg5 Bb4+ 4. Nd2 h6 5. Bh4 Ne4 6. Bxd8 Bxd2+ 7. Qxd2 Nxd2
8. Bxc7 Nxc4 9. b3 Na6 10. Be5 Nxe5 11. dxe5 O-O 12. Nf3 Nb4 13. Nd4 b6 14. a3
Nd5 15. e4 Ne7 16. Nb5 Ng6 17. Nd6 Nxe5 18. Rd1 Rd8 19. f4 Nc6 20. g3 e5 21.
Bg2 Rb8 22. b4 f6 23. Nf5 Bb7 24. b5 Na5 25. fxe5 fxe5 26. Rf1 Rf8 27. Rxd7
Rxf5 28. Rxf5 Bc8 29. Rd8+ Kh7 30. Rxe5 Nc4 31. Ree8 Nxa3 32. e5 Nc2+ 33. Kf2
Na3 34. Be4+ Bf5 35. Bxf5+ g6 36. Re7# 1-0

[Event "NAYCC U10"]
[Site "Windsor CAN"]
[Date "2016.08.08"]
[Round "2.142"]
[White "Jasniewicz, Karol"]
[Black "Tsay, William"]
[Result "1/2-1/2"]
[WhiteElo "971"]
[BlackElo "1399"]
[PlyCount "75"]
[EventDate "2016.08.07"]
[EventType "swiss"]
[EventRounds "9"]
[EventCountry "CAN"]

1. e4 d5 2. exd5 Qxd5 3. Nc3 Qd6 4. Nf3 c6 5. Be2 Bg4 6. O-O Nf6 7. h3 Bh5 8.
d3 Nbd7 9. Be3 e6 10. Qd2 Qc7 11. d4 Bd6 12. Ng5 Bxe2 13. Qxe2 Rc8 14. Nge4 Be7
15. a3 Nd5 16. Qd3 Nxe3 17. Qxe3 a6 18. Ne2 Nf6 19. Nxf6+ Bxf6 20. c4 O-O 21.
Rab1 Rcd8 22. Rfd1 Rfe8 23. Qe4 Qb6 24. b4 Rd7 25. Rb3 Red8 26. Rbd3 e5 27.
dxe5 Rxd3 28. Rxd3 Rxd3 29. Qxd3 Bxe5 30. c5 Qc7 31. Qe4 h6 32. f4 Bf6 33. f5
Qe5 34. Qxe5 Bxe5 35. Nc1 Kf8 36. g4 g6 37. fxg6 fxg6 38. Kg2 1/2-1/2

[Event "NAYCC U10"]
[Site "Windsor CAN"]
[Date "2016.08.08"]
[Round "2.143"]
[White "Singireddy, Ruthvik"]
[Black "Xing, Blair"]
[Result "1-0"]
[WhiteElo "1398"]
[BlackElo "920"]
[PlyCount "61"]
[EventDate "2016.08.07"]
[EventType "swiss"]
[EventRounds "9"]
[EventCountry "CAN"]

1. e4 e5 2. Nf3 Nc6 3. Bc4 Bc5 4. c3 Nf6 5. d4 Bd6 6. dxe5 Bxe5 7. Ng5 O-O 8.
f4 h6 9. Nxf7 Rxf7 10. Bxf7+ Kxf7 11. fxe5 Nxe5 12. h3 c6 13. O-O d5 14. exd5
Qxd5 15. Qxd5+ cxd5 16. b3 b5 17. Na3 a6 18. Bd2 Kg8 19. Bxh6 Ne4 20. Bf4 Nd3
21. c4 bxc4 22. bxc4 dxc4 23. Nxc4 Ra7 24. Rad1 Be6 25. Rxd3 Bxc4 26. Rd8+ Kh7
27. Re1 Nf6 28. a3 Rd7 29. Rxd7 Nxd7 30. Re7 Nc5 31. Rc7 1-0

[Event "NAYCC U10"]
[Site "Windsor CAN"]
[Date "2016.08.08"]
[Round "2.144"]
[White "Chen, Bryan"]
[Black "Srinivas, Atharva"]
[Result "0-1"]
[WhiteElo "918"]
[BlackElo "1388"]
[PlyCount "38"]
[EventDate "2016.08.07"]
[EventType "swiss"]
[EventRounds "9"]
[EventCountry "CAN"]

1. e4 e5 2. Nf3 Nc6 3. Bc4 Nf6 4. Ng5 d5 5. exd5 Na5 6. Qe2 Nxc4 7. Qxc4 Nxd5
8. Nc3 Qxg5 9. Qxd5 Bd6 10. Ne4 Qg6 11. d3 O-O 12. Be3 Kh8 13. Nxd6 cxd6 14. d4
exd4 15. Bxd4 Qxc2 16. Qxd6 Re8+ 17. Kf1 Qe2+ 18. Kg1 Qe1+ 19. Rxe1 Rxe1# 0-1